LEADER 01036nam0-22003251i-450- 001 990004786060403321 005 20061116170906.0 035 $a000478606 035 $aFED01000478606 035 $a(Aleph)000478606FED01 035 $a000478606 100 $a19990604g19559999km-y0itay50------ba 101 0 $aita 102 $aGB 105 $aa-------001yy 200 1 $aHandbook of english costume in the seventeenth century$fby C. willet & Phillis Cunnington$gwith illustrations by Barbara Philippson 210 $aLondon$cFaber and Faber$d1955. 215 $a222 p., 1 tav. color.$cill.$d23 cm 610 0 $aCostume$aGran Bretagna del XVII secolo 676 $a391.009 700 1$aCunnington,$bC. Willet$0393168 702 1$aCunnington,$bPhillis 702 1$aPhilippson,$bBarbara 801 0$aIT$bUNINA$gRICA$2UNIMARC 901 $aBK 912 $a990004786060403321 952 $a391.009 WIL 3$bs.i.$fFLFBC 959 $aFLFBC 996 $aHandbook of english costume in the seventeenth century$9561404 997 $aUNINA